LEADER 01118nam a2200253 u 4500 001 000000043705 003 CaOOAMICUS 005 20070226114452.0 008 990412q1975 vc u000 u eng u 035 $a10819659 040 $aPUL(R)$bita 245 04$aThe church and the international women's year 1975 /$ctexts published by the Pontifical Council for the laity, Vatican City. 260 $a[Cittā del Vaticano] :$bTypis Polyglottis Vaticanis,$c[1975?] 300 $a167 p. ;$c21 cm 504 $aBibliografia in nota. 650 4$aFemminismo.$0(OLS)http://pul/subject/18784 650 4$aDonna.$0(OLS)http://pul/subject/7073 650 4$aSociologia cattolica.$0(OLS)http://pul/subject/10945 850 $aPUL 852 $aPUL$W1$xDP1 Cons. Gen., Altre Classi 1$y22$m43 C 32$j58887$nBK-PRI$b $qStampati$B58887$CPULBib$Z2$F58887 $H $81 941 1 $a8 961 $aINV: 43869 996 $6245$aThe church and the international women's year 1975$9(OLS)http://pul/title/58955 996 $6260$a[Cittā del Vaticano] :$bTypis Polyglottis Vaticanis$9(OLS)http://pul/publisher/49472 LEADER 01235nam a2200313 a 4500 001 000000140650 003 CaOOAMICUS 005 20141128114305.0 008 141128s2014 it u000 u ita r 020 $a978-88-598-1162-6 040 $aPUL$bita 082 04$a343.4507 100 1 $aSantagata, Renato.$0(OLS)http://pul/name/90667 245 10$aDiritto del turismo /$cRenato Santagata. 250 $aTerza edizione. 260 $aTorino :$bUTET Giuridica,$c2014. 300 $aXXV, 422 p. ;$c24 cm. 490 1 $aIl sistema giuridico italiano 504 $aBibliografia a pič pagina. 650 4$aTurismo$xDiritto e legislazione.$0(OLS)http://pul/subject/18750 830 3$aIl sistema giuridico italiano.$0(OLS)http://pul/title/56027 850 $aPUL 852 $aPUL$W1$xSL Diritto e Scienze Sociali 3$y79$m343. 4507 SANRE 1$j162460$qDDC 21$B161998$CPULBib$Z2$F161998 $H124984 $81 941 1 $a9 996 $6020$a978-88-598-1162-6$9(OLS)http://pul/number/156363 996 $6082$a343.4507$9(OLS)http://pul/classification/2718 996 $6245$aDiritto del turismo$9(OLS)http://pul/title/177999 996 $6260$aTorino :$bUTET Giuridica$9(OLS)http://pul/publisher/79191